Capitals of the world - Matching country and capital - Statistics

General Stats
  • This quiz has been taken 11 times
    9 since last reset
  • The average score is 60 of 197
Answer Stats
Country Capital % Correct
Algeria Algiers
100%
Andorra Andorra la Vella
100%
Azerbaijan Baku
100%
Central African Republic Bangui
100%
China Beijing
100%
Colombia Bogotá
100%
Brazil Brasília
100%
Barbados Bridgetown
100%
Belgium Brussels
100%
Argentina Buenos Aires
100%
Australia Canberra
100%
Bangladesh Dhaka
100%
Botswana Gaborone
100%
Burundi Gitega
100%
Afghanistan Kabul
100%
Angola Luanda
100%
Belarus Minsk
100%
Bahamas, The Nassau
100%
Chad N'Djamena
100%
Canada Ottawa
100%
Burkina Faso Ouagadougou
100%
Cambodia Phnom Penh
100%
Cape Verde Praia
100%
Chile Santiago
100%
Bulgaria Sofia
100%
Antigua and Barbuda St. John's
100%
Albania Tirana
100%
Austria Vienna
100%
Cameroon Yaoundé
100%
Armenia Yerevan
100%
Brunei Bandar Seri Begawan
75%
Belize Belmopan
75%
Congo Brazzaville
75%
Denmark Copenhagen
75%
Djibouti Djibouti
75%
Cuba Havana
75%
Democratic Republic of the Congo Kinshasa
75%
Bahrain Manama
75%
Comoros Moroni
75%
Cyprus Nicosia
75%
Benin Porto-Novo
75%
Czech Republic Prague
75%
Dominica Roseau
75%
Costa Rica San José
75%
Bosnia and Herzegovina Sarajevo
75%
Bolivia Sucre
75%
Bhutan Thimphu
75%
Croatia Zagreb
75%
Egypt Cairo
50%
East Timor Dili
50%
Ecuador Quito
50%
El Salvador San Salvador
50%
Dominican Republic Santo Domingo
50%
Nigeria Abuja
25%
Ethiopia Addis Ababa
25%
Netherlands Amsterdam
25%
Madagascar Antananarivo
25%
Eritrea Asmara
25%
Paraguay Asunción
25%
Mali Bamako
25%
Gambia Banjul
25%
Romania Bucharest
25%
Moldova Chișinău
25%
Equatorial Guinea Ciudad de la Paz
25%
Qatar Doha
25%
Finland Helsinki
25%
Pakistan Islamabad
25%
Nepal Kathmandu
25%
Malaysia Kuala Lumpur
25%
Gabon Libreville
25%
Malawi Lilongwe
25%
Peru Lima
25%
Portugal Lisbon
25%
Luxembourg Luxembourg
25%
Marshall Islands Majuro
25%
Maldives Malé
25%
Nicaragua Managua
25%
Philippines Manila
25%
Mozambique Maputo
25%
Eswatini Mbabane
25%
Mexico Mexico City
25%
Monaco Monaco
25%
Russia Moscow
25%
Oman Muscat
25%
Myanmar Naypyidaw
25%
Palau Ngerulmud
25%
Niger Niamey
25%
Mauritania Nouakchott
25%
Norway Oslo
25%
Micronesia Palikir
25%
Panama Panama City
25%
France Paris
25%
Montenegro Podgorica
25%
Mauritius Port Louis
25%
Papua New Guinea Port Moresby
25%
North Korea Pyongyang
25%
Morocco Rabat
25%
Palestine Ramallah
25%
North Macedonia Skopje
25%
Fiji Suva
25%
Estonia Tallinn
25%
Georgia Tbilisi
25%
Mongolia Ulaanbaatar
25%
Liechtenstein Vaduz
25%
Malta Valletta
25%
Lithuania Vilnius
25%
Poland Warsaw
25%
New Zealand Wellington
25%
Namibia Windhoek
25%
Nauru Yaren
25%
United Arab Emirates Abu Dhabi
0%
Ghana Accra
0%
Jordan Amman
0%
Turkey Ankara
0%
Samoa Apia
0%
Turkmenistan Ashgabat
0%
Kazakhstan Astana
0%
Greece Athens
0%
Iraq Baghdad
0%
Thailand Bangkok
0%
Saint Kitts and Nevis Basseterre
0%
Lebanon Beirut
0%
Serbia Belgrade
0%
Germany Berlin
0%
Switzerland Bern
0%
Kyrgyzstan Bishkek
0%
Guinea-Bissau Bissau
0%
Slovakia Bratislava
0%
Hungary Budapest
0%
Venezuela Caracas
0%
Saint Lucia Castries
0%
Guinea Conakry
0%
Senegal Dakar
0%
Syria Damascus
0%
Tanzania Dodoma
0%
Ireland Dublin
0%
Tajikistan Dushanbe
0%
Sierra Leone Freetown
0%
Tuvalu Funafuti
0%
Guyana Georgetown
0%
Guatemala Guatemala City
0%
Vietnam Hanoi
0%
Zimbabwe Harare
0%
Solomon Islands Honiara
0%
Indonesia Jakarta
0%
Israel Jerusalem
0%
South Sudan Juba
0%
Uganda Kampala
0%
Sudan Khartoum
0%
Rwanda Kigali
0%
Jamaica Kingston
0%
Saint Vincent and the Grenadines Kingstown
0%
Kuwait Kuwait City
0%
Ukraine Kyiv
0%
Slovenia Ljubljana
0%
Togo Lomé
0%
United Kingdom London
0%
Zambia Lusaka
0%
Spain Madrid
0%
Lesotho Maseru
0%
Somalia Mogadishu
0%
Liberia Monrovia
0%
Uruguay Montevideo
0%
Kenya Nairobi
0%
India New Delhi
0%
Tonga Nukuʻalofa
0%
Suriname Paramaribo
0%
Haiti Port-au-Prince
0%
Trinidad and Tobago Port of Spain
0%
Vanuatu Port Vila
0%
South Africa Pretoria
0%
Kosovo Pristina
0%
Iceland Reykjavík
0%
Latvia Riga
0%
Saudi Arabia Riyadh
0%
Italy Rome
0%
Yemen Sanaa
0%
San Marino San Marino
0%
São Tomé and Príncipe São Tomé
0%
South Korea Seoul
0%
Singapore Singapore
0%
Kiribati South Tarawa
0%
Sri Lanka Sri Jayawardenepura Kotte
0%
Grenada St. George's
0%
Sweden Stockholm
0%
Taiwan Taipei
0%
Uzbekistan Tashkent
0%
Honduras Tegucigalpa
0%
Iran Tehran
0%
Japan Tokyo
0%
Libya Tripoli
0%
Tunisia Tunis
0%
Vatican City Vatican City
0%
Seychelles Victoria
0%
Laos Vientiane
0%
United States Washington, D.C.
0%
Ivory Coast (Côte d'Ivoire) Yamoussoukro
0%
No matching quizzes found
Score Distribution
Percent of People with Each Score
Percentile by Number Answered
Your Score History
You have not taken this quiz since the last reset